000 00233nam a2200097Ia 4500
008 190216s9999||||xx |||||||||||||| ||und||
100 _aSarath Chandran
245 0 _aHindi-Pareneetha
260 _bMac Millian And Com. Ltd
942 _cBK
999 _c18096
_d18096